[Event "SVK-chT2B 2223"]
[Site "Slovakia"]
[Date "2022.11.26"]
[Round "5.8"]
[White "Szaraz, Vojtech"]
[Black "Smolka, Peter"]
[Result "1-0"]
[WhiteElo "1814"]
[BlackElo "1661"]
[PlyCount "59"]
[EventDate "2022.10.08"]
[EventType "team-tourn"]
[EventRounds "11"]
[EventCountry "SVK"]
[SourceTitle "EXT 2024"]
[Source "ChessBase"]
[SourceDate "2023.10.10"]
[SourceVersion "1"]
[SourceVersionDate "2023.10.10"]
[SourceQuality "1"]
[WhiteTeam "Batorove Kosihy"]
[BlackTeam "Komarno II"]
[WhiteTeamCountry "SVK"]
[BlackTeamCountry "SVK"]

1. d4 Nf6 2. c4 g6 3. Nc3 Bg7 4. e4 d6 5. f3 0-0 6. Be3 a6 7. Qd2 Nbd7 8. Bh6 e5 9. Bxg7 Kxg7 10. Nge2 Rb8 11. h4 h5 12. g4 exd4 13. Nxd4 Ne5 14. Be2 c5 15. Nc2 b5 16. Ne3 Be6 17. cxb5 axb5 18. Rg1 hxg4 19. fxg4 Nfxg4 20. 0-0-0 Nf2 21. Rdf1 Qxh4 22. Qxd6 Neg4 23. Nxg4 Bxg4 24. Qe5+ f6 25. Qc7+ Kg8 26. Bxg4 Nxg4 27. Rh1 Qg5+ 28. Kb1 Nh6 29. Rfg1 Rbc8 30. Qh2 1-0

[Event "SVK-chT1W 1920"]
[Site "Slovakia"]
[Date "2020.06.20"]
[Round "10.7"]
[White "Koval, Maros"]
[Black "Szaraz, Vojtech"]
[Result "1-0"]
[WhiteElo "2079"]
[BlackElo "1822"]
[PlyCount "43"]
[EventDate "2019.10.12"]
[EventType "team-tourn"]
[EventRounds "11"]
[EventCountry "SVK"]
[SourceTitle "EXT 2022"]
[Source "ChessBase"]
[SourceDate "2021.10.06"]
[SourceVersion "1"]
[SourceVersionDate "2021.10.06"]
[SourceQuality "1"]
[WhiteTeam "Bratislava Lokomotiva"]
[BlackTeam "Batorove Kosihy"]
[WhiteTeamCountry "SVK"]
[BlackTeamCountry "SVK"]

1. d4 d6 2. e4 Nf6 3. Nc3 c6 4. f4 Qc7 5. Nf3 Bg4 6. h3 Bxf3 7. Qxf3 Nbd7 8. e5 dxe5 9. fxe5 Nd5 10. Nxd5 cxd5 11. Bd3 e6 12. 0-0 f5 13. exf6 Nxf6 14. Bg5 0-0-0 15. Bxf6 gxf6 16. Qxf6 Bd6 17. Qxe6+ Kb8 18. Kh1 Rhg8 19. Rf7 Qc6 20. Raf1 Qb6 21. Qxd5 Bc7 22. Qc5 1-0

[Event "SVK-chT1W 1920"]
[Site "Slovakia"]
[Date "2019.10.13"]
[Round "2.7"]
[White "Szaraz, Vojtech"]
[Black "Orgon, Dusan"]
[Result "0-1"]
[WhiteElo "1848"]
[BlackElo "1993"]
[PlyCount "80"]
[EventDate "2019.10.12"]
[EventType "team-tourn"]
[EventRounds "11"]
[EventCountry "SVK"]
[SourceTitle "CBM 193 Extra"]
[Source "ChessBase"]
[SourceDate "2020.01.31"]
[SourceVersion "1"]
[SourceVersionDate "2020.01.31"]
[SourceQuality "1"]
[WhiteTeam "Batorove Kosihy"]
[BlackTeam "Dubnica nad Vahom II"]
[WhiteTeamCountry "SVK"]
[BlackTeamCountry "SVK"]

1. e4 e6 2. Nf3 d5 3. Nc3 Nf6 4. e5 Nfd7 5. d4 c5 6. Bg5 Qb6 7. dxc5 Bxc5 8. Qd2 Nc6 9. Bf4 Bb4 10. 0-0-0 Qa5 11. Kb1 Nc5 12. Qe3 Bxc3 13. bxc3 Ne4 14. Rd3 Nc5 15. Rd1 Na4 16. Rd3 Qb5+ 17. Kc1 Qb2+ 18. Kd2 Nb6 19. Qc5 Nc4+ 20. Ke2 Qxc2+ 21. Ke1 Qb1+ 22. Rd1 Qe4+ 23. Be3 N4xe5 24. Nd4 Nd7 25. Qa3 Nxd4 26. cxd4 Qh4 27. Bc1 Nb8 28. Qc5 Nc6 29. Bb5 Bd7 30. Ba3 Qd8 31. Kf1 f6 32. Rb1 Kf7 33. Qd6 Re8 34. Qf4 e5 35. Qh4 Kg8 36. dxe5 Nxe5 37. Be2 Bc6 38. f3 Qa5 39. Rb3 Qd2 40. Kf2 Qxe2+ 0-1

[Event "SVK-chT2B 1819"]
[Site "Slovakia"]
[Date "2019.04.07"]
[Round "11.7"]
[White "Szaraz, Vojtech"]
[Black "Blazek, Milos"]
[Result "0-1"]
[WhiteElo "1869"]
[BlackElo "1984"]
[PlyCount "68"]
[EventDate "2018.10.13"]
[EventType "team-tourn"]
[EventRounds "11"]
[EventCountry "SVK"]
[SourceTitle "EXT 2020"]
[Source "ChessBase"]
[SourceDate "2019.10.17"]
[SourceVersion "1"]
[SourceVersionDate "2019.10.17"]
[SourceQuality "1"]
[WhiteTeam "Batorove Kosihy II"]
[BlackTeam "Trencin"]
[WhiteTeamCountry "SVK"]
[BlackTeamCountry "SVK"]

1. e4 e5 2. Nf3 Nc6 3. Bc4 Nf6 4. d4 exd4 5. 0-0 Bc5 6. e5 d5 7. exf6 dxc4 8. Re1+ Be6 9. Ng5 Qd5 10. Nc3 Qf5 11. Nce4 Bb6 12. g4 Qg6 13. Nxe6 fxe6 14. fxg7 Rg8 15. g5 0-0-0 16. Nf6 Rxg7 17. Rxe6 Qf5 18. Qg4 Qxg4+ 19. Nxg4 d3 20. cxd3 cxd3 21. Bd2 Nd4 22. Rf6 Re7 23. Ne3 Nc2 24. Rd1 Nxe3 25. Bxe3 Bxe3 26. fxe3 Rxe3 27. Rf2 Rd5 28. h4 c5 29. b3 b5 30. Rf4 Re2 31. a4 a6 32. axb5 axb5 33. Rg4 d2 34. Kf1 Rde5 0-1

[Event "SVK-chT1W 1819"]
[Site "Slovakia"]
[Date "2019.02.02"]
[Round "7.8"]
[White "Szaraz, Vojtech"]
[Black "Csuri, Szilveszter"]
[Result "0-1"]
[WhiteElo "1837"]
[BlackElo "1953"]
[PlyCount "58"]
[EventDate "2018.10.27"]
[EventType "team-tourn"]
[EventRounds "11"]
[EventCountry "SVK"]
[SourceTitle "CBM 188 Extra"]
[Source "ChessBase"]
[SourceDate "2019.02.26"]
[SourceVersion "1"]
[SourceVersionDate "2019.02.26"]
[SourceQuality "1"]
[WhiteTeam "Batorove Kosihy"]
[BlackTeam "Dunajska Streda"]
[WhiteTeamCountry "SVK"]
[BlackTeamCountry "SVK"]

1. e4 c5 2. Nf3 Nc6 3. d4 cxd4 4. Nxd4 d6 5. c4 Bd7 6. Be2 Nf6 7. Nc3 a6 8. 0-0 e6 9. Be3 Be7 10. f4 Nxd4 11. Bxd4 Bc6 12. Bf3 Qc7 13. Qe2 0-0 14. Rad1 Rac8 15. e5 Nd7 16. Ne4 dxe5 17. fxe5 Nxe5 18. Bxe5 Qxe5 19. Nc3 Qxe2 20. Bxe2 Rfd8 21. b3 Bc5+ 22. Kh1 Bd4 23. Nb1 Rd7 24. Bf3 Rcd8 25. Bxc6 bxc6 26. Rd3 Bf6 27. Rdf3 Rd1 28. g4 h6 29. a4 R8d3 0-1

[Event "SVK-chT1W 1819"]
[Site "Slovakia"]
[Date "2018.10.28"]
[Round "2.7"]
[White "Krupa, Miroslav"]
[Black "Szaraz, Vojtech"]
[Result "1/2-1/2"]
[WhiteElo "1927"]
[BlackElo "1847"]
[PlyCount "140"]
[EventDate "2018.10.27"]
[EventType "team-tourn"]
[EventRounds "11"]
[EventCountry "SVK"]
[SourceTitle "CBM 187 Extra"]
[Source "ChessBase"]
[SourceDate "2018.11.04"]
[SourceVersion "1"]
[SourceVersionDate "2018.11.04"]
[SourceQuality "1"]
[WhiteTeam "Nitra NSK"]
[BlackTeam "Batorove Kosihy"]
[WhiteTeamCountry "SVK"]
[BlackTeamCountry "SVK"]

1. e4 e5 2. Nf3 Nf6 3. Nc3 Nc6 4. d4 Bb4 5. d5 Ne7 6. Bd3 d6 7. 0-0 h6 8. h3 Bc5 9. Na4 Bb6 10. c4 Ng6 11. b4 c5 12. bxc5 Bxc5 13. Nxc5 dxc5 14. Be3 Qd6 15. Nd2 0-0 16. Qe2 Re8 17. Rae1 b6 18. Nb1 Bd7 19. Nc3 Nh7 20. Qd2 Qf6 21. f4 exf4 22. Bxf4 Nxf4 23. Rxf4 Qg5 24. Kh1 Re5 25. Qf2 Qe7 26. Rf1 Rf8 27. Qg3 Rg5 28. Qf3 Nf6 29. Ne2 Re5 30. Ng3 Ne8 31. Nf5 Bxf5 32. Rxf5 Nd6 33. Rxe5 Qxe5 34. Qe2 Re8 35. Re1 f5 36. exf5 Qxe2 37. Rxe2 Rxe2 38. Bxe2 Nxf5 39. Kg1 Kf7 40. Kf2 Kf6 41. Bg4 Nd6 42. Be2 Ke5 43. Ke3 b5 44. cxb5 Kxd5 45. a4 c4 46. Bd1 Nf5+ 47. Kd2 Kd4 48. Be2 Nd6 49. Kc2 Ne4 50. a5 Nd6 51. b6 axb6 52. axb6 Kc5 53. Kc3 Nb5+ 54. Kd2 c3+ 55. Kd3 Kxb6 56. Bf1 Kc5 57. Kc2 Kb4 58. Bxb5 Kxb5 59. Kxc3 Kc5 60. Kd3 Kd5 61. Ke3 Ke5 62. g3 h5 63. Kf3 Kf5 64. g4+ hxg4+ 65. hxg4+ Kg5 66. Kg3 g6 67. Kf3 Kh4 68. Kf4 Kh3 69. Kg5 Kg3 70. Kxg6 Kxg4 1/2-1/2

[Event "SVK-ch Seniors 50"]
[Site "Tatranske Matliare"]
[Date "2017.05.29"]
[Round "4"]
[White "Szaraz, Vojtech"]
[Black "Kylar, Miroslav"]
[Result "1/2-1/2"]
[WhiteElo "1808"]
[BlackElo "1870"]
[PlyCount "25"]
[EventDate "2017.05.27"]
[EventType "swiss"]
[EventRounds "9"]
[EventCountry "SVK"]
[SourceTitle "EXT 2023"]
[Source "ChessBase"]
[SourceDate "2022.10.05"]
[SourceVersion "1"]
[SourceVersionDate "2022.10.05"]
[SourceQuality "1"]

1. f4 d5 2. d4 Nf6 3. e3 g6 4. Nf3 Bg7 5. Be2 0-0 6. 0-0 Bf5 7. Nbd2 Nbd7 8. Ne5 Ne4 9. Nxe4 Bxe4 10. Bd3 Bxd3 11. Qxd3 e6 12. Qb5 Nb6 13. a4 1/2-1/2

[Event "SVK-chT2B 1617"]
[Site "Slovakia"]
[Date "2017.03.11"]
[Round "10.6"]
[White "Szaraz, Vojtech"]
[Black "Kijac, Miroslav"]
[Result "0-1"]
[WhiteElo "1856"]
[BlackElo "2106"]
[PlyCount "64"]
[EventDate "2016.10.08"]
[EventType "team-tourn"]
[EventRounds "11"]
[EventCountry "SVK"]
[SourceTitle "EXT 2018"]
[Source "ChessBase"]
[SourceDate "2017.10.13"]
[SourceVersion "1"]
[SourceVersionDate "2017.10.13"]
[SourceQuality "1"]
[WhiteTeam "Batorove Kosihy"]
[BlackTeam "Trencin"]
[WhiteTeamCountry "SVK"]
[BlackTeamCountry "SVK"]

1. e4 e6 2. Nf3 d5 3. Nc3 Nf6 4. exd5 exd5 5. d4 Bd6 6. Bd3 c6 7. h3 h6 8. 0-0 0-0 9. Be3 Re8 10. Rc1 Ne4 11. Ne2 Qf6 12. Nd2 Ng5 13. Bxg5 Qxg5 14. Nf3 Qf6 15. Ng3 g6 16. c3 h5 17. Re1 Be6 18. Ne5 Nd7 19. Nxd7 Bxd7 20. Rc2 Qg5 21. Rxe8+ Rxe8 22. Qf3 Re1+ 23. Nf1 Bg4 24. hxg4 hxg4 25. Qe2 Rxe2 26. Rxe2 Qc1 27. g3 Qd1 28. Rd2 Qc1 29. Re2 Bf8 30. Rc2 Qa1 31. a3 Bh6 32. Re2 Kf8 0-1

[Event "SVK-chT2B 1516"]
[Site "Slovakia"]
[Date "2016.03.12"]
[Round "10.4"]
[White "Huliak, Pavol"]
[Black "Szaraz, Vojtech"]
[Result "0-1"]
[WhiteElo "1984"]
[BlackElo "1875"]
[PlyCount "146"]
[EventDate "2015.10.17"]
[EventType "team-tourn"]
[EventRounds "11"]
[EventCountry "SVK"]
[SourceTitle "EXT 2019"]
[Source "ChessBase"]
[SourceDate "2018.10.10"]
[SourceVersion "1"]
[SourceVersionDate "2018.10.10"]
[SourceQuality "1"]
[WhiteTeam "Bojnice SK PRM"]
[BlackTeam "Surany Lokomotiva"]
[WhiteTeamCountry "SVK"]
[BlackTeamCountry "SVK"]

1. d4 Nf6 2. c4 c5 3. d5 b5 4. cxb5 a6 5. bxa6 Bxa6 6. Nc3 g6 7. e4 d6 8. Bxa6 Nxa6 9. Nge2 Bg7 10. 0-0 0-0 11. Bg5 Qb6 12. Qd2 Rfb8 13. b3 Qb4 14. Bxf6 Bxf6 15. Rad1 Nc7 16. Qd3 Ne8 17. f4 Rc8 18. Qf3 Bg7 19. e5 c4 20. Rd4 f5 21. Qe3 Qc5 22. Na4 Qa7 23. Nec3 cxb3 24. axb3 Qb8 25. Rd3 dxe5 26. fxe5 Bxe5 27. Ne2 Bxh2+ 28. Kh1 Be5 29. Nb6 Bf6 30. Qe6+ Kg7 31. Nxc8 Qxc8 32. Qxc8 Rxc8 33. Nf4 Nd6 34. Ne6+ Kf7 35. g3 Rc2 36. Rg1 Ne4 37. Rf1 Nf2+ 38. Rxf2 Rxf2 39. Nc5 Rb2 40. Na4 Rb1+ 41. Kg2 Be5 42. Nb6 h5 43. Nc4 Bc7 44. Kf3 Kf6 45. d6 exd6 46. Nxd6 Bxd6 47. Rxd6+ Kg5 48. Rb6 Rc1 49. Rb4 Rc3+ 50. Kg2 Rd3 51. Kf2 Kh6 52. Rb6 Rd4 53. b4 f4 54. gxf4 Rxf4+ 55. Kg3 Rc4 56. b5 Rb4 57. Rb8 Kg5 58. b6 Rb3+ 59. Kf2 Kg4 60. b7 g5 61. Ke2 h4 62. Kd2 h3 63. Kc2 Rb6 64. Kd3 h2 65. Rh8 Rxb7 66. Rxh2 Re7 67. Rf2 Kg3 68. Rf5 g4 69. Rf1 Kg2 70. Rf4 g3 71. Kd2 Kg1 72. Rf8 g2 73. Rf5 Rh7 0-1

[Event "SVK-chT2B 1516"]
[Site "Slovakia"]
[Date "2016.02.14"]
[Round "9.1"]
[White "Szaraz, Vojtech"]
[Black "Toth, Erik"]
[Result "1-0"]
[WhiteElo "1865"]
[BlackElo "1863"]
[PlyCount "97"]
[EventDate "2015.10.17"]
[EventType "team-tourn"]
[EventRounds "11"]
[EventCountry "SVK"]
[SourceTitle "EXT 2019"]
[Source "ChessBase"]
[SourceDate "2018.10.10"]
[SourceVersion "1"]
[SourceVersionDate "2018.10.10"]
[SourceQuality "1"]
[WhiteTeam "Surany Lokomotiva"]
[BlackTeam "Levice"]
[WhiteTeamCountry "SVK"]
[BlackTeamCountry "SVK"]

1. f4 Nf6 2. d4 e6 3. e3 c5 4. c3 Nc6 5. Nf3 Be7 6. Bd3 0-0 7. 0-0 d5 8. Nbd2 c4 9. Bc2 b5 10. b3 cxb3 11. axb3 Bb7 12. Ne5 Qc7 13. Qe2 a6 14. Bb2 Rfc8 15. Rf3 b4 16. c4 dxc4 17. Nexc4 Nd5 18. Rg3 f5 19. Rf1 Bf6 20. Bd3 a5 21. Qh5 g6 22. Ra1 Bg7 23. Qd1 Ra7 24. Rc1 Qd8 25. Nf3 Nc3 26. Bxc3 bxc3 27. Ng5 Qe7 28. Nb6 Rb8 29. Bc4 Nd8 30. Na4 Ba6 31. Bxa6 Rxa6 32. Rxc3 Nf7 33. Nc5 Rab6 34. Nxf7 Kxf7 35. Rf3 Rb5 36. h3 Bf8 37. Qc2 Qa7 38. Nd3 Bd6 39. Ne5+ Bxe5 40. fxe5 R8b7 41. Kh1 Rb4 42. e4 Rxd4 43. exf5 exf5 44. Rxf5+ Kg7 45. Rf1 Re7 46. Qf2 Rf7 47. Rf3 Rdd7 48. Qe2 Rxf3 49. Rxf3 1-0

[Event "SVK-chT2B 1516"]
[Site "Slovakia"]
[Date "2015.12.06"]
[Round "6.2"]
[White "Banszegi, Attila"]
[Black "Szaraz, Vojtech"]
[Result "1-0"]
[WhiteElo "2023"]
[BlackElo "1864"]
[PlyCount "115"]
[EventDate "2015.10.17"]
[EventType "team-tourn"]
[EventRounds "11"]
[EventCountry "SVK"]
[SourceTitle "EXT 2019"]
[Source "ChessBase"]
[SourceDate "2018.10.10"]
[SourceVersion "1"]
[SourceVersionDate "2018.10.10"]
[SourceQuality "1"]
[WhiteTeam "Batorove Kosihy"]
[BlackTeam "Surany Lokomotiva"]
[WhiteTeamCountry "SVK"]
[BlackTeamCountry "SVK"]

1. e4 d5 2. e5 e6 3. f4 Ne7 4. Nf3 Ng6 5. d4 c5 6. c3 Nc6 7. Bd3 cxd4 8. cxd4 Bb4+ 9. Kf2 0-0 10. Be3 Nce7 11. Nc3 f6 12. exf6 Rxf6 13. g3 Nf5 14. Bd2 Bd6 15. Ne2 Qb6 16. Kg2 Bd7 17. Bxf5 Rxf5 18. Bc3 Raf8 19. Rf1 Bb5 20. Rf2 Bxe2 21. Qxe2 Bxf4 22. Re1 R5f6 23. Ng1 Bc7 24. Rxf6 Rxf6 25. Nh3 h6 26. Qh5 Qd6 27. Nf2 Kh7 28. Ng4 Rf5 29. Qh3 Qa6 30. Bd2 Qd3 31. Bxh6 Kg8 32. Be3 Ba5 33. Rc1 Qe2+ 34. Kg1 Bd2 35. Rc8+ Nf8 36. Bf2 Qd1+ 37. Kg2 Be1 38. Rxf8+ Rxf8 39. Nh6+ gxh6 40. Qxe6+ Rf7 41. Qg6+ Rg7 42. Qe6+ Kh7 43. Bxe1 Qc2+ 44. Bf2 Qe4+ 45. Qxe4+ dxe4 46. Be3 Rc7 47. g4 Rc2+ 48. Kg3 Rxb2 49. Kf4 Rxh2 50. d5 Kg6 51. Ke5 Kf7 52. d6 Ke8 53. Ke6 b6 54. g5 Rg2 55. gxh6 Rg6+ 56. Kf5 Kf7 57. h7 Kg7 58. h8Q+ 1-0

[Event "SVK-chT2B 1314"]
[Site "Slovakia"]
[Date "2014.03.16"]
[Round "11.7"]
[White "Szaraz, Vojtech"]
[Black "Hoppan, Igor"]
[Result "1-0"]
[WhiteElo "1959"]
[BlackElo "1641"]
[PlyCount "133"]
[EventDate "2013.10.19"]
[EventType "team-tourn"]
[EventRounds "11"]
[EventCountry "SVK"]
[SourceTitle "EXT 2015"]
[Source "ChessBase"]
[SourceDate "2014.11.20"]
[SourceVersion "1"]
[SourceVersionDate "2014.11.20"]
[SourceQuality "1"]
[WhiteTeam "Surany"]
[BlackTeam "Prievidza II"]
[WhiteTeamCountry "SVK"]
[BlackTeamCountry "SVK"]

1. f4 d5 2. d4 Nf6 3. e3 e6 4. Nf3 b6 5. Bd3 Bb7 6. 0-0 Nbd7 7. Nbd2 c5 8. c3 Be7 9. Ne5 Qc7 10. Ndf3 Nxe5 11. Nxe5 Nd7 12. Bb5 Bc8 13. Qa4 f6 14. Nf3 0-0 15. Bd3 e5 16. Bf5 e4 17. Be6+ Kh8 18. Bxd5 Bb7 19. Bxb7 Qxb7 20. Nd2 cxd4 21. exd4 Rad8 22. Qb5 Rfe8 23. Re1 Bd6 24. Nf1 Re7 25. Ne3 Rde8 26. Qh5 Bxf4 27. Bd2 Nf8 28. g3 g6 29. Qb5 a6 30. Qe2 Bxe3+ 31. Bxe3 b5 32. Bf4 Qd5 33. a4 Rb7 34. axb5 axb5 35. Be3 Ne6 36. Ra6 Ng5 37. Bxg5 Qxg5 38. Qe3 Qxe3+ 39. Rxe3 f5 40. h4 Kg7 41. Kg2 h6 42. Kf2 g5 43. h5 f4 44. gxf4 gxf4 45. Re1 Rf7 46. Rg1+ Kh7 47. Rgg6 e3+ 48. Ke1 f3 49. Rxh6+ Kg8 50. Rag6+ Rg7 51. Rxg7+ Kxg7 52. Rg6+ Kf7 53. Rg3 f2+ 54. Ke2 Re6 55. Rf3+ Kg7 56. b3 Kh6 57. Rf5 Rc6 58. Kxe3 Rxc3+ 59. Kxf2 Rxb3 60. Ke2 b4 61. Rb5 Rh3 62. Kd2 Rxh5 63. Rxh5+ Kxh5 64. Kc2 Kg6 65. Kb3 Kf7 66. Kxb4 Ke7 67. Kc5 1-0

[Event "Piestany op"]
[Site "Piestany"]
[Date "2013.11.23"]
[Round "7"]
[White "Szaraz, Vojtech"]
[Black "Goga, Frantisek"]
[Result "1/2-1/2"]
[WhiteElo "1971"]
[BlackElo "1885"]
[PlyCount "96"]
[EventDate "2013.11.18"]
[EventType "swiss"]
[EventRounds "7"]
[EventCountry "SVK"]
[SourceTitle "CBM 157 Extra"]
[Source "ChessBase"]
[SourceDate "2013.12.19"]
[SourceVersion "1"]
[SourceVersionDate "2013.12.19"]
[SourceQuality "1"]

1. f4 Nf6 2. d4 g6 3. e3 Bg7 4. Nf3 d6 5. Be2 0-0 6. 0-0 c5 7. c3 Nbd7 8. Bd3 e6 9. Nbd2 Rb8 10. a4 Nd5 11. Ne4 N7f6 12. Ng3 cxd4 13. exd4 Ng4 14. Qe2 Qc7 15. h3 Ngf6 16. Bd2 a6 17. Kh1 Bd7 18. c4 Ne7 19. Bc3 d5 20. Ne5 dxc4 21. Nxc4 Ned5 22. Bd2 b5 23. axb5 axb5 24. Ne5 Qb6 25. Qf2 Rfc8 26. Ne4 Nxe4 27. Bxe4 Nf6 28. Bd3 Be8 29. Bb4 Ra8 30. Bc5 Qb7 31. b4 Rxa1 32. Rxa1 Ra8 33. Rxa8 Qxa8 34. Kh2 Qa3 35. Qe2 Nd5 36. g3 Bxe5 37. dxe5 Nxb4 38. Bxb5 Bxb5 39. Qxb5 Qb2+ 40. Kh1 Qb1+ 41. Kg2 Qe4+ 42. Kg1 Qb1+ 43. Kg2 Qe4+ 44. Kh2 Qc2+ 45. Kh1 Qe4+ 46. Kh2 Qc2+ 47. Kg1 Qb1+ 48. Kg2 Qe4+ 1/2-1/2

[Event "Piestany op"]
[Site "Piestany"]
[Date "2013.11.21"]
[Round "5"]
[White "Szaraz, Vojtech"]
[Black "Milovnik, Juraj"]
[Result "0-1"]
[WhiteElo "1971"]
[BlackElo "2001"]
[PlyCount "144"]
[EventDate "2013.11.18"]
[EventType "swiss"]
[EventRounds "7"]
[EventCountry "SVK"]
[SourceTitle "CBM 157 Extra"]
[Source "ChessBase"]
[SourceDate "2013.12.19"]
[SourceVersion "1"]
[SourceVersionDate "2013.12.19"]
[SourceQuality "1"]

1. f4 e5 2. d3 exf4 3. Bxf4 d5 4. g3 c6 5. Nf3 Bd6 6. Bxd6 Qxd6 7. c3 Nf6 8. Bg2 Ng4 9. Qd2 Qc5 10. d4 Qe7 11. 0-0 Ne3 12. Rf2 0-0 13. Na3 Nd7 14. Nc2 Nxg2 15. Kxg2 Nf6 16. Qe3 Qd7 17. Qf4 Ne4 18. Rff1 Qh3+ 19. Kg1 Qh5 20. Qh4 Bg4 21. Qxh5 Bxh5 22. Rae1 Rfe8 23. e3 Re6 24. Ne5 f6 25. Nd3 Re7 26. Nf4 Bf7 27. Ng2 Rae8 28. Nh4 g6 29. Kg2 Be6 30. h3 Bc8 31. Kh2 a5 32. g4 Kg7 33. Ng2 b6 34. Rf3 Ba6 35. Na3 Bd3 36. Nb1 Bxb1 37. Rxb1 Nd2 38. Rbf1 Nxf3+ 39. Rxf3 b5 40. b3 b4 41. c4 a4 42. cxd5 cxd5 43. bxa4 Ra7 44. Rf2 Rxa4 45. Rb2 g5 46. Kg3 Rc8 47. Kf3 Rc3 48. Ne1 Rca3 49. Nc2 Rxa2 50. Rxa2 Rxa2 51. Nxb4 Ra5 52. Nc6 Rb5 53. Ne7 Kf7 54. Nf5 Ra5 55. Nd6+ Ke6 56. Nf5 h5 57. Ng7+ Kf7 58. Nxh5 Ra2 59. Kg3 Kg6 60. Kf3 f5 61. Ng3 f4 62. exf4 Ra3+ 63. Kg2 gxf4 64. Nf5 Kg5 65. Ne7 Rg3+ 66. Kh2 Rd3 67. Nxd5 Rxd4 68. Ne7 Rd2+ 69. Kg1 Kh4 70. Ng6+ Kg3 71. Kf1 f3 72. Ke1 Ra2 0-1

[Event "SVK-chT1W 1213"]
[Site "Slovakia"]
[Date "2013.01.12"]
[Round "5.7"]
[White "Szaraz, Vojtech"]
[Black "Balogh, Peter1111"]
[Result "0-1"]
[WhiteElo "1932"]
[BlackElo "2013"]
[PlyCount "50"]
[EventDate "2012.10.20"]
[EventType "team-tourn"]
[EventRounds "11"]
[EventCountry "SVK"]
[SourceTitle "EXT 2015"]
[Source "ChessBase"]
[SourceDate "2014.11.20"]
[SourceVersion "1"]
[SourceVersionDate "2014.11.20"]
[SourceQuality "1"]
[WhiteTeam "Batorove Kosihy"]
[BlackTeam "Komarno"]
[WhiteTeamCountry "SVK"]
[BlackTeamCountry "SVK"]

1. e4 e6 2. d3 d5 3. Nd2 c5 4. Ngf3 Nc6 5. g3 Nf6 6. Bg2 Be7 7. 0-0 d4 8. Re1 e5 9. a4 Nd7 10. Nc4 g5 11. Bh3 h5 12. Nxg5 Bxg5 13. Nd6+ Kf8 14. Bxg5 Qxg5 15. Nxc8 Rxc8 16. Bxd7 Rc7 17. Bh3 f6 18. Rf1 Rg7 19. Qc1 Nb4 20. f4 exf4 21. Qxf4 Qxf4 22. Rxf4 Ke7 23. Raf1 h4 24. Kg2 Nxc2 25. R1f3 Ne1+ 0-1